000 00580cam a22002053a 4500
001 44625
003 PGUSA
005 20140828084023.0
008 140108s2014||||xxu|||||s|||||000 | eng d
040 _aPGUSA
_beng
042 _adc
100 1 _aCarrington, Hereward,
_d1880-1959
245 1 0 _aTrue Ghost Stories
_h[electronic resource] /
_cHereward Carrington
260 _bProject Gutenberg,
_c2014
506 _aPublic domain in the USA.
516 _aElectronic text
830 0 _aProject Gutenberg
_v44625
856 4 0 _uhttp://www.gutenberg.org/ebooks/44625
942 _cEB
999 _c273876
_d273876